| Tag |
First Indicator |
Second Indicator |
Subfields |
| LEADER |
00000cam a2200000Ia 4500 |
| 001 |
in00002252421 |
| 005 |
20190326183750.0 |
| 006 |
m d |
| 007 |
cr cnu---unuuu |
| 008 |
050624s2004 txua sb 001 0beng d |
| 020 |
|
|
|a 142371038X (electronic bk.)
|
| 020 |
|
|
|a 9781423710387 (electronic bk.)
|
| 035 |
|
|
|a (OCoLC)ocm60718195
|
| 035 |
|
|
|a (OCoLC)60718195
|
| 040 |
|
|
|a N$T
|c N$T
|d OCLCQ
|d UtOrBLW
|
| 043 |
|
|
|a n-us-tx
|
| 049 |
|
|
|a TXAM
|
| 050 |
1 |
4 |
|a F394.F7
|b D43 2004eb
|
| 082 |
0 |
4 |
|a 363.2/05/092
|a 997.4/5315
|2 22
|
| 100 |
1 |
|
|a DeArment, Robert K.,
|d 1925-
|
| 245 |
1 |
0 |
|a Jim Courtright of Fort Worth :
|b his life and legend /
|c Robert K. DeArment.
|
| 264 |
|
1 |
|a Fort Worth :
|b TCU Press,
|c [2004]
|
| 264 |
|
4 |
|c ©2004
|
| 300 |
|
|
|a xv, 287 pages :
|b illustrations ;
|c 24 cm.
|
| 336 |
|
|
|a text
|b txt
|2 rdacontent
|
| 337 |
|
|
|a computer
|b c
|2 rdamedia
|
| 338 |
|
|
|a online resource
|b cr
|2 rdacarrier
|
| 504 |
|
|
|a Includes bibliographical references (pages [245]-274) and index.
|
| 533 |
|
|
|a Electronic reproduction.
|b Boulder, Colo. :
|c NetLibrary,
|d 2005.
|n Available via World Wide Web.
|n Access may be limited to NetLibrary affiliated libraries.
|
| 500 |
|
|
|a Electronic resource.
|
| 600 |
1 |
0 |
|a Courtright, Jim,
|d 1845-1887.
|
| 650 |
|
0 |
|a Peace officers
|z Texas
|z Fort Worth
|v Biography.
|
| 650 |
|
0 |
|a Frontier and pioneer life
|z Texas
|z Fort Worth Region.
|
| 651 |
|
0 |
|a Fort Worth (Tex.)
|v Biography.
|
| 650 |
|
0 |
|a Outlaws
|z Texas
|z Fort Worth Region
|x History
|y 19th century.
|
| 650 |
|
0 |
|a Violence
|z Texas
|z Fort Worth Region
|x History
|y 19th century.
|
| 651 |
|
0 |
|a Fort Worth Region (Tex.)
|x History
|y 19th century.
|
| 655 |
|
7 |
|a Electronic books.
|2 local
|
| 710 |
2 |
|
|a NetLibrary, Inc.
|
| 776 |
1 |
|
|c Original
|z 0875652921
|w (DLC) 2004003697
|w (OCoLC)54460487
|
| 856 |
4 |
0 |
|u http://proxy.library.tamu.edu/login?url=http://www.netLibrary.com/urlapi.asp?action=summary&v=1&bookid=134319
|z Connect to the full text of this electronic book
|t 0
|
| 994 |
|
|
|a 92
|b TXA
|
| 999 |
|
|
|a MARS
|
| 999 |
f |
f |
|s 6c19e71b-0d19-3ecb-9688-d13c246fd18b
|i 2e072a02-8a64-32b4-8ec3-553989e82200
|t 0
|
| 952 |
f |
f |
|a Texas A&M University
|b College Station
|c Electronic Resources
|d Available Online
|t 0
|e F394.F7 D43 2004eb
|h Library of Congress classification
|
| 998 |
f |
f |
|a F394.F7 D43 2004eb
|t 0
|l Available Online
|